Հայ-ռուսերեն բառարան : (Record no. 9564)
[ view plain ]
| 000 -LEADER | |
|---|---|
| fixed length control field | 01167nam a2200229 u 4500 |
| 001 - CONTROL NUMBER | |
| control field | 000023882 |
| 003 - CONTROL NUMBER IDENTIFIER | |
| control field | AM-YEHGA |
| 005 - DATE AND TIME OF LATEST TRANSACTION | |
| control field | 20250618070846.0 |
| 008 - FIXED-LENGTH DATA ELEMENTS--GENERAL INFORMATION | |
| fixed length control field | 010111s1947 ai ||||| |||| 0|||||arm|d |
| 040 ## - CATALOGING SOURCE | |
| Original cataloging agency | AM-YeHGA |
| 041 0# - LANGUAGE CODE | |
| Language code of text/sound track or separate title | arm |
| -- | rus |
| 090 ## - LOCALLY ASSIGNED LC-TYPE CALL NUMBER (OCLC); LOCAL CALL NUMBER (RLIN) | |
| -- | 9631 |
| 245 00 - TITLE STATEMENT | |
| Title | Հայ-ռուսերեն բառարան : |
| Remainder of title | Պարունակում է բանավոր խոսքի և գրականության մեջ ամենից հաճախ գործածվող 28000 բառ / |
| Statement of responsibility, etc. | Կազմ. և խմբ.՝ Ա.Ս. Ղարիբյան, Ե.Գ. Տեր-Մինասյան, Մ.Ա. Գևորգյան. |
| 260 ## - PUBLICATION, DISTRIBUTION, ETC. | |
| Place of publication, distribution, etc. | Երևան : |
| Name of publisher, distributor, etc. | ՀՍՍՌ ԳԱ, |
| Date of publication, distribution, etc. | 1947. |
| 300 ## - PHYSICAL DESCRIPTION | |
| Extent | 379 էջ ; |
| Dimensions | 21 սմ. |
| 650 14 - SUBJECT ADDED ENTRY--TOPICAL TERM | |
| Topical term or geographic name entry element | Բառարան |
| General subdivision | Հայերեն-Ռուսերեն |
| 700 1# - ADDED ENTRY--PERSONAL NAME | |
| Personal name | Ղարիբյան, Արարատ Սահակի, |
| Dates associated with a name | 1899-1977 |
| Relator term | կազմ. |
| Relationship | com |
| Relator term | խմբ. |
| Relationship | edt |
| 9 (RLIN) | 1938 |
| 700 1# - ADDED ENTRY--PERSONAL NAME | |
| Personal name | Տեր-Մինասյան, Երվանդ Գալուստի, |
| Dates associated with a name | 1879-1974 |
| Relator term | կազմ. |
| Relationship | com |
| Relator term | խմբ. |
| Relationship | edt |
| 9 (RLIN) | 2833 |
| 700 1# - ADDED ENTRY--PERSONAL NAME | |
| Personal name | Գևորգյան, Մամիկոն Հարությունի, |
| Dates associated with a name | 1877-1962 |
| Relator term | կազմ. |
| Relationship | com |
| Relator term | խմբ. |
| Relationship | edt |
| 9 (RLIN) | 1637 |
| 710 2# - ADDED ENTRY--CORPORATE NAME | |
| Corporate name or jurisdiction name as entry element | Լեզվի ինստիտուտ Ն. Մառի անվան ՀՍՍՌ ԳԱ |
| 942 ## - ADDED ENTRY ELEMENTS (KOHA) | |
| Source of classification or shelving scheme | Universal Decimal Classification |
| Koha item type | Գրքեր / Books |
| Withdrawn status | Lost status | Source of classification or shelving scheme | Damaged status | Not for loan | Collection | Home library | Current library | Date acquired | Total checkouts | Full call number | Barcode | Date last seen | Price effective from | Koha item type | Public note | Cost, replacement price |
|---|---|---|---|---|---|---|---|---|---|---|---|---|---|---|---|---|
| Universal Decimal Classification | General | Fundamental Scientific Library | Fundamental Scientific Library | 21/12/2016 | AII/81843 | 220081843 | 21/12/2016 | 21/12/2016 | Գրքեր / Books | 30 Days Loan | ||||||
| Universal Decimal Classification | General | Fundamental Scientific Library | Fundamental Scientific Library | 21/12/2016 | AII/13021 | FL0013270 | 21/12/2016 | 21/12/2016 | Գրքեր / Books | 30 Days Loan | ||||||
| General | Fundamental Scientific Library | Fundamental Scientific Library | 21/12/2016 | AII/13022 | FL0013271 | 21/12/2016 | 21/12/2016 | Գրքեր / Books | 30 Days Loan | |||||||
| General | Fundamental Scientific Library | Fundamental Scientific Library | 21/12/2016 | AII/13023 | FL0013272 | 21/12/2016 | 21/12/2016 | Գրքեր / Books | 30 Days Loan | |||||||
| General | Fundamental Scientific Library | Fundamental Scientific Library | 21/12/2016 | AII/13024 | FL0013273 | 21/12/2016 | 21/12/2016 | Գրքեր / Books | 30 Days Loan | |||||||
| General | Fundamental Scientific Library | Fundamental Scientific Library | 21/12/2016 | AII/15500 | FL0011052 | 21/12/2016 | 21/12/2016 | Գրքեր / Books | 30 Days Loan | 25.00 | ||||||
| Universal Decimal Classification | Kusikian Individual Collection | Fundamental Scientific Library | Fundamental Scientific Library | 11/05/2021 | Կուս/2818 | FL0647573 | 11/05/2021 | 11/05/2021 | Գրքեր / Books | ILL Non-Circ. |
ՀՀ Գիտությունների ազգային ակադեմիայի հիմնարար գիտական գրադարան = Fundamental Scientific Library of NAS RA
All site content, except where otherwise noted, is licensed under a